Animal talk / (Record no. 110290)
[ view plain ]
| 000 -LEADER | |
|---|---|
| fixed length control field | 00658nam a2200157 a 4500 |
| 005 - DATE AND TIME OF LATEST TRANSACTION | |
| control field | 20140414131853.0 |
| 008 - FIXED-LENGTH DATA ELEMENTS--GENERAL INFORMATION | |
| fixed length control field | 100807s19uu xx 00 eng d |
| 050 ## - LIBRARY OF CONGRESS CALL NUMBER | |
| Classification number | M 591.59 |
| Item number | G36 1991 |
| 100 ## - MAIN ENTRY--PERSONAL NAME | |
| Personal name | Ganeri, Anita, 1961 |
| 245 ## - TITLE STATEMENT | |
| Title | Animal talk / |
| Statement of responsibility, etc | by Anita Ganeri ; illustrated by Kate Taylor. |
| 260 ## - PUBLICATION, DISTRIBUTION, ETC. (IMPRINT) | |
| Place of publication, distribution, etc | New York : |
| Name of publisher, distributor, etc | Aladdin Books Ltd, |
| Date of publication, distribution, etc | 1991. |
| 520 ## - SUMMARY, ETC. | |
| Summary, etc | Introduces the many different ways in which animals communicate with each other including different sounds, scents, movement and color, in a question and answer format. |
| 650 ## - SUBJECT ADDED ENTRY--TOPICAL TERM | |
| Topical term or geographic name as entry element | Animal communicataion |
| General subdivision | Miscellanea |
| -- | Juvenile Literature |
| 650 ## - SUBJECT ADDED ENTRY--TOPICAL TERM | |
| Topical term or geographic name as entry element | Questions and answers |
| Withdrawn status | Lost status | Damaged status | Home library | Current library | Shelving location | Date acquired | Total Checkouts | Full call number | Barcode | Date last seen | Price effective from | Koha item type |
|---|---|---|---|---|---|---|---|---|---|---|---|---|
| Munich Library | Munich Library | Main Section | 08/07/2010 | M 591.59 G36 1991 | M0636 | 04/14/2014 | 04/14/2014 | Books |